Minecraft: tutti i mob - 2025 - Statistics

Statistiche generali
  • Questo quiz è stato fatto 415 volte
    99 dall'ultimo reset
  • Il punteggio medio è 40 su 81
Statistiche sulle risposte
Suggerimento Mob % Corretto
Mob ostile Zombie
97%
Mob ostile Scheletro
96%
Mob passivo Mucca
94%
Boss Enderdrago
91%
Mob alleati Lupo
90%
Mob passivo Maiale
90%
Mob passivo Pollo
87%
Mob ostile Vendicatore
87%
Mob passivo Villager
87%
Mob alleati Cavallo
84%
Mob passivo Pecora
84%
Mob alleati Gatto
81%
Mob ostile Creeper
79%
Boss Wither
79%
Mob neutrale Enderman
78%
Mob neutrale Ragno
75%
Mob passivo Salmone
70%
Mob alleati Pappagallo
69%
Mob ostile Blaze
67%
Mob ostile Saccheggiatore
67%
Mob neutrale Piglin
66%
Mob utili Golem di ferro
64%
Mob alleati Asino
61%
Mob ostile Affogato
60%
Mob neutrale Pesce Palla
60%
Mob ostile Strega
60%
Mob neutrale Orso polare
58%
Mob utili Pupazzo di neve
58%
Mob neutrale Ape
57%
Mob passivo Cammello
55%
Mob neutrale Capra
55%
Mob ostile Ghast
55%
Mob passivo Gattopardo
54%
Mob passivo Merluzzo
54%
Mob passivo Volpe
54%
Mob neutrale Panda
52%
Mob ostile Guardiano
51%
Mob neutrale Lama
49%
Mob ostile Pesce d'argento
49%
Mob ostile Scheletro wither
49%
Mob ostile Shulker
49%
Mob passivo Coniglio
48%
Mob neutrale Delfino
46%
Mob ostile Evocatore
45%
Mob passivo Pesce tropicale
45%
Mob passivo Alleato
43%
Mob passivo Cavallo scheletro
43%
Mob neutrale Ragno delle caverne
43%
Mob passivo Cavallo zombie
42%
Mob ostile Endermite
42%
Mob passivo Tartaruga
42%
Mob ostile Warden
42%
Mob passivo Calamaro
40%
Mob ostile Slime
40%
Mob passivo Pipistrello
37%
Mob ostile Cubo di Magma
36%
Mob passivo Axolotl
34%
Mob ostile Hoglin
34%
Mob alleati Mulo
34%
Mob passivo Armadillo
31%
Mob ostile Fantasma
31%
Mob passivo Fiutatore
31%
Mob ostile Zombie villager
31%
Mob passivo Rana
30%
Mob ostile Husk
28%
Mob passivo Calamaro luminescente
25%
Mob ostile Piglin bruto
25%
Mob ostile Vex
25%
Mob ostile Devastatore
24%
Mob passivo Muccafungo
24%
Mob passivo Strider
24%
Mob neutrale Zombie piglin
24%
Mob ostile Zoglin
19%
Mob ostile Guardiano antico
18%
Mob passivo Happy Ghast
18%
Mob ostile Breeze
16%
Mob passivo Girino
16%
Mob ostile Errante
15%
Mob ostile Creaking
6%
Mob passivo Mercante errante
6%
Mob ostile Infangato
4%
Nessun quiz corrispondente trovato
Distribuzione punteggi
Percentuale di utenti per punteggio
Percentile per numero di risposta
I tuoi punteggi nel tempo
Non hai fatto questo quiz dall'ultimo reset